Kontrolný systém vo vybranom podniku diplomová práca

Guardado en:
Detalles Bibliográficos
Autor principal: Čisovský, Dávid
Autor Corporativo: Fakulta podnikového manažmentu EU. Katedra manažmentu
Otros Autores: Záležáková, Eliška
Formato: Libro
Lenguaje:eslovaco
Publicado: Bratislava 2021
Etiquetas: Agregar Etiqueta
Sin Etiquetas, Sea el primero en etiquetar este registro!

MARC

LEADER 00000nbm a2200000 4500
001 0275551
005 20211125104630.1
041 0 |a slo 
044 |a SK 
245 1 0 |a Kontrolný systém vo vybranom podniku  |b diplomová práca  |c Dávid Čisovský ; školiteľ: Eliška Záležáková 
264 1 |a Bratislava  |c 2021 
300 |a 72 s. 
100 1 |a Čisovský, Dávid 
700 1 |a Záležáková, Eliška 
710 2 |a Fakulta podnikového manažmentu EU. Katedra manažmentu